[Event "vk18"]
[Site "Vinkovci"]
[Date "2018.07.26"]
[Round "6.2"]
[White "Saravanja, Matija"]
[Black "Starcevic, Ante Leon"]
[Result "1/2-1/2"]
[WhiteElo "1936"]
[BlackElo "2177"]
[PlyCount "73"]
[EventDate "2018.07.23"]

1. e4 c5 2. Nf3 Nc6 3. d4 cxd4 4. Nxd4 g6 5. Nc3 Bg7 6. Be3 Nf6 7. Bc4 O-O 8.
Bb3 Qa5 9. O-O d6 10. h3 Bd7 11. Nde2 b5 12. a3 Ne5 13. Bd4 Nc4 14. Bxc4 bxc4
15. Nd5 Nxd5 16. Bxg7 Kxg7 17. exd5 Qc5 18. Qd4+ Qxd4 19. Nxd4 e5 20. Ne2 Bf5
21. Rfc1 Rab8 22. Rab1 Rb5 23. Nc3 Rb6 24. g4 Bd7 25. b3 cxb3 26. cxb3 f5 27.
g5 a5 28. b4 axb4 29. Rxb4 Rxb4 30. axb4 Rb8 31. Ra1 Kf8 32. Ra7 Ke8 33. b5 Kd8
34. Kg2 Kc8 35. h4 Rb7 36. Ra8+ Rb8 37. Ra7 1/2-1/2

[Event "vk18"]
[Site "Vinkovci"]
[Date "2018.07.26"]
[Round "6.3"]
[White "Tica, Sven"]
[Black "Makovec, Bruno"]
[Result "1/2-1/2"]
[WhiteElo "2443"]
[BlackElo "2293"]
[PlyCount "111"]
[EventDate "2018.07.23"]

1. d4 Nf6 2. c4 e6 3. g3 d5 4. Bg2 Be7 5. Nf3 O-O 6. O-O dxc4 7. Ne5 Nc6 8.
Nxc6 bxc6 9. Na3 Bxa3 10. bxa3 Ba6 11. Qd2 Rb8 12. Qa5 Rb6 13. a4 Qc8 14. Ba3
Rd8 15. Rab1 Qb7 16. Rbc1 Rxd4 17. Bc5 Rd8 18. Bxb6 cxb6 19. Qe5 Qd7 20. Bf3
Kf8 21. e4 Qd4 22. Qc7 Qd7 23. Qe5 Qd4 24. Qc7 Qd7 25. Qf4 Qe7 26. Rfd1 Re8 27.
Qe5 Rc8 28. Qc3 e5 29. Rd2 Qc5 30. Rcd1 Ke7 31. a3 h6 32. Kg2 Bb7 33. h3 Rc7
34. Rc2 Ba6 35. Kh2 h5 36. g4 hxg4 37. hxg4 Nh7 38. Qd2 Kf6 39. Qd8+ Qe7 40.
Rd6+ Kg5 41. Qxe7+ Rxe7 42. Rxc6 Nf8 43. Be2 Ne6 44. Bxc4 Bb7 45. Rd6 Nd4 46.
Rc3 Bxe4 47. Kh3 Rc7 48. Re3 Kf4 49. Bd5 Bc2 50. Kg2 f6 51. Rg3 Rc5 52. Ba8 Rc8
53. Bd5 Rc5 54. Ba8 Rc8 55. Bd5 Rc5 56. Ba8 1/2-1/2

[Event "vk18"]
[Site "Vinkovci"]
[Date "2018.07.26"]
[Round "6.4"]
[White "Muha, Miljenko"]
[Black "Djukin, Marko"]
[Result "1-0"]
[WhiteElo "2362"]
[BlackElo "1969"]
[PlyCount "57"]
[EventDate "2018.07.23"]

1. Nf3 Nf6 2. c4 e6 3. e3 d5 4. b3 c5 5. cxd5 exd5 6. Bb5+ Bd7 7. Bxd7+ Nbxd7
8. O-O Bd6 9. d4 O-O 10. dxc5 Nxc5 11. Bb2 Nce4 12. Nc3 Rc8 13. Nb5 Bb8 14.
Nbd4 Ng4 15. h3 f5 16. Rc1 Rxc1 17. Qxc1 Ne5 18. Nxe5 Bxe5 19. Ne6 Bxb2 20.
Qxb2 Qf6 21. Qxf6 Rxf6 22. Nf4 Ra6 23. Rc1 Rxa2 24. Rc8+ Kf7 25. Rc7+ Kg8 26.
Ne6 b5 27. Rxg7+ Kh8 28. Rf7 Kg8 29. Rf8# 1-0

[Event "vk18"]
[Site "Vinkovci"]
[Date "2018.07.26"]
[Round "6.5"]
[White "Zadravec, Matija"]
[Black "Petrovic, David"]
[Result "1-0"]
[WhiteElo "2191"]
[BlackElo "1657"]
[PlyCount "59"]
[EventDate "2018.07.23"]

1. e4 e5 2. Nf3 Nc6 3. Bb5 a6 4. Ba4 Nf6 5. O-O b5 6. Bb3 Be7 7. Re1 d6 8. c3
Nb8 9. d4 Nbd7 10. c4 Bb7 11. Nc3 O-O 12. a3 Re8 13. dxe5 dxe5 14. cxb5 axb5
15. Bxf7+ Kxf7 16. Qb3+ Nd5 17. Nxd5 Kf8 18. Nxe7 Qxe7 19. Qxb5 Rab8 20. Qc4
Qc5 21. Qd3 Nf6 22. Bd2 Kg8 23. Bb4 Qb6 24. h3 Rbd8 25. Qc4+ Kh8 26. Ng5 Rd7
27. Nf7+ Rxf7 28. Qxf7 c5 29. Bxc5 Qxb2 30. Bf8 1-0

[Event "vk18"]
[Site "Vinkovci"]
[Date "2018.07.26"]
[Round "6.6"]
[White "Babic, Tvrtko"]
[Black "Safar, Sandro"]
[Result "0-1"]
[WhiteElo "1498"]
[BlackElo "2257"]
[PlyCount "50"]
[EventDate "2018.07.23"]

1. e4 c5 2. Nf3 Nc6 3. Bb5 g6 4. Bxc6 dxc6 5. d3 Bg7 6. h3 e5 7. O-O Ne7 8. Be3
b6 9. Re1 O-O 10. Nbd2 Qc7 11. Qe2 h6 12. Nc4 Be6 13. Rad1 Rae8 14. b3 f5 15.
exf5 Bxc4 16. dxc4 gxf5 17. Bc1 Ng6 18. Bb2 e4 19. Bxg7 exf3 20. Qxf3 Rxe1+ 21.
Rxe1 Kxg7 22. Qc3+ Kh7 23. Re6 Qd7 24. Qe3 Rf7 25. h4 Re7 0-1

[Event "vk18"]
[Site "Vinkovci"]
[Date "2018.07.26"]
[Round "6.7"]
[White "Trepsic, Zvonimir"]
[Black "Erenda, Bruno"]
[Result "0-1"]
[WhiteElo "1734"]
[BlackElo "1966"]
[PlyCount "56"]
[EventDate "2018.07.23"]

1. d4 b6 2. e4 Bb7 3. Nc3 e6 4. Bd3 Bb4 5. Nge2 c5 6. O-O cxd4 7. Nxd4 Nc6 8.
Nce2 Nf6 9. c3 Be7 10. f4 Nxd4 11. Nxd4 Nxe4 12. Qe2 Nf6 13. f5 O-O 14. Be3 e5
15. Nb3 Qc7 16. Rad1 a5 17. a4 Rfe8 18. Bb5 Bc6 19. Bxc6 dxc6 20. Rf3 Rad8 21.
Rxd8 Rxd8 22. Rg3 Kh8 23. Rh3 c5 24. Nd2 Qd7 25. Nc4 Qxf5 26. Nxb6 Qb1+ 27. Kf2
Ne4+ 28. Kf3 Rd6 0-1

[Event "vk18"]
[Site "Vinkovci"]
[Date "2018.07.26"]
[Round "4.2"]
[White "Vukajlovic, Zorana"]
[Black "Purkic, Ruza"]
[Result "1-0"]
[WhiteElo "1830"]
[BlackElo "1431"]
[PlyCount "103"]
[EventDate "2018.07.23"]

1. e4 c5 2. Nf3 g6 3. d4 cxd4 4. Nxd4 Nc6 5. Nc3 Bg7 6. Be3 Nf6 7. f3 d5 8.
Nxd5 Nxd5 9. Nxc6 bxc6 10. exd5 Bxb2 11. Rb1 Qa5+ 12. Kf2 Qxa2 13. dxc6 O-O 14.
c7 Be5 15. Bh6 Bf5 16. Bd3 Bxd3 17. Qxd3 Rfc8 18. Rhe1 Rxc7 19. Rbc1 Qb2 20.
Qe4 Qd4+ 21. Qxd4 Bxd4+ 22. Kf1 e5 23. f4 f6 24. fxe5 fxe5 25. Re2 Rf7+ 26. Ke1
Rc8 27. Rd1 Rfc7 28. Rc1 Bb2 29. Rb1 Rxc2 30. Rxb2 Rxe2+ 31. Kxe2 Re8 32. Rb7
a6 33. Rg7+ Kh8 34. Ra7 Kg8 35. Rxa6 Kf7 36. Bg5 h5 37. Ke3 Rc8 38. Rf6+ Kg7
39. Re6 Rc2 40. Kf3 Rc5 41. Be3 Rb5 42. Ke4 Rb2 43. Kf3 Rb5 44. h4 Kf7 45. Rb6
Ra5 46. Bg5 Ra4 47. Rf6+ Kg7 48. Re6 Ra3+ 49. Be3 Ra5 50. Rxe5 Rxe5 51. Bd4 Kf6
52. Kf4 1-0

[Event "vk18"]
[Site "Vinkovci"]
[Date "2018.07.27"]
[Round "7.1"]
[White "Jakrlin, Mihael"]
[Black "Kukas, Oliver"]
[Result "1/2-1/2"]
[WhiteElo "1827"]
[BlackElo "2159"]
[PlyCount "119"]
[EventDate "2018.07.23"]

1. Nf3 Nf6 2. d4 e6 3. c4 Bb4+ 4. Bd2 c5 5. Bxb4 cxb4 6. Nbd2 O-O 7. e3 a5 8.
Bd3 d6 9. O-O Re8 10. Rc1 Na6 11. h3 e5 12. Bb1 Bd7 13. Re1 Rc8 14. dxe5 dxe5
15. Ne4 Nxe4 16. Bxe4 Nc5 17. Bb1 Bc6 18. Qe2 Qf6 19. e4 Ne6 20. g3 Qh6 21. h4
Qh5 22. Rcd1 Red8 23. Bd3 Nc5 24. Qe3 b6 25. Bc2 f6 26. Rd2 Rxd2 27. Nxd2 Rd8
28. Re2 Qg4 29. Kh2 Rd4 30. Nb3 Nxb3 31. Bxb3 a4 32. Bc2 Qd7 33. b3 a3 34. f4
Qd6 35. fxe5 Qxe5 36. Kg1 f5 37. Qf4 Qxf4 38. gxf4 Bxe4 39. Bxe4 fxe4 40. Kf2
Rd1 41. Rxe4 Rd2+ 42. Re2 Rb2 43. Ke3 Kf7 44. Kd3 Rxe2 45. Kxe2 Kf6 46. h5 h6
47. Ke3 g6 48. hxg6 Kxg6 49. Ke4 h5 50. Ke5 h4 51. f5+ Kf7 52. Kf4 Kf6 53. Kg4
h3 54. Kxh3 Kxf5 55. Kg3 Ke4 56. Kf2 Kd3 57. Ke1 Kc2 58. Ke2 Kc3 59. Kd1 Kb2
60. Kd2 1/2-1/2

[Event "vk18"]
[Site "Vinkovci"]
[Date "2018.07.27"]
[Round "7.2"]
[White "Jurakic, Lukas"]
[Black "Ghersinich, Enrico"]
[Result "1-0"]
[WhiteElo "1755"]
[BlackElo "2180"]
[PlyCount "109"]
[EventDate "2018.07.23"]

1. e4 d5 2. exd5 Nf6 3. Bb5+ Bd7 4. Bc4 Bg4 5. Nf3 Nxd5 6. Nc3 e6 7. O-O Be7 8.
d4 O-O 9. h3 Bh5 10. Nxd5 exd5 11. Be2 Bd6 12. c3 c6 13. Re1 Re8 14. Bg5 Qb6
15. Ne5 Bxe2 16. Rxe2 Bxe5 17. dxe5 Nd7 18. Qe1 Re6 19. Be3 Qa6 20. f4 Rae8 21.
Bd4 c5 22. Bf2 f6 23. Bg3 fxe5 24. fxe5 Rg6 25. Kh2 Nf8 26. Qd2 Ne6 27. Rf2 d4
28. cxd4 cxd4 29. Qb4 Rd8 30. Qe7 Qc6 31. Raf1 Qd5 32. Rf5 d3 33. Qf7+ Kh8 34.
Rd1 d2 35. Rf2 Rxg3 36. Rdxd2 Rxg2+ 37. Rxg2 Qxe5+ 38. Kg1 Rc8 39. Rc2 Rf8 40.
Qe7 Qd4+ 41. Kh2 Qe5+ 42. Kg1 h6 43. Rce2 Qd4+ 44. Kh2 Qf4+ 45. Kg1 Ng5 46. Qe3
Nf3+ 47. Kh1 Qh4 48. Ref2 Qxh3+ 49. Rh2 Qf5 50. Qc1 Rc8 51. Qd1 Rf8 52. Rhg2
Qf4 53. Qe2 Rf5 54. Qe8+ Kh7 55. Qg6+ 1-0

[Event "vk18"]
[Site "Vinkovci"]
[Date "2018.07.27"]
[Round "7.3"]
[White "Novosel, Marko"]
[Black "Cotic, Borna"]
[Result "1/2-1/2"]
[WhiteElo "2033"]
[BlackElo "2047"]
[PlyCount "48"]
[EventDate "2018.07.23"]

1. Nf3 Nf6 2. g3 d5 3. Bg2 Bf5 4. O-O e6 5. d3 h6 6. Nbd2 Be7 7. b3 O-O 8. Bb2
c5 9. Rc1 Nc6 10. Ne5 Nxe5 11. Bxe5 Nd7 12. Bb2 Bf6 13. Bxf6 Nxf6 14. Qe1 e5
15. e4 dxe4 16. Nxe4 Bxe4 17. Bxe4 Qc7 18. f4 Rae8 19. f5 b6 20. Qe2 Qd6 21. c3
Rd8 22. Rfd1 Rd7 23. Kf1 Rfd8 24. Ke1 a5 1/2-1/2

[Event "vk18"]
[Site "Vinkovci"]
[Date "2018.07.27"]
[Round "7.4"]
[White "Levacic, Matej"]
[Black "Sos, Fran"]
[Result "0-1"]
[WhiteElo "1855"]
[BlackElo "2009"]
[PlyCount "120"]
[EventDate "2018.07.23"]

1. d4 Nf6 2. Bf4 c5 3. d5 b5 4. c4 d6 5. e3 Nbd7 6. Nf3 Nb6 7. Na3 bxc4 8. Bxc4
Nxc4 9. Qa4+ Bd7 10. Qxc4 Qa5+ 11. Nd2 Rb8 12. Qd3 Bb5 13. Nxb5 Qxb5 14. Nc4
Qb4+ 15. Nd2 g6 16. O-O Bg7 17. Rab1 O-O 18. Nc4 Qa4 19. Rfe1 Qxa2 20. Ra1 Qb3
21. Qxb3 Rxb3 22. Rxa7 Nxd5 23. Bg5 f6 24. Bh4 Rb4 25. Rc1 Re8 26. Bg3 Bf8 27.
f3 Reb8 28. Be1 R4b7 29. Rca1 Kf7 30. Kf2 Ke6 31. Rxb7 Rxb7 32. Ra8 Bg7 33. Ba5
f5 34. e4 fxe4 35. fxe4 Nf4 36. Kf3 Nd3 37. Rg8 Kf7 38. Rd8 Ne5+ 39. Nxe5+ Bxe5
40. Bc3 Rb3 41. Kg4 Bxc3 42. bxc3 Rxc3 43. Rh8 Kg7 44. Re8 Kf6 45. Rf8+ Ke6 46.
Rh8 Rc2 47. Kf3 h5 48. h4 Ke5 49. Re8 e6 50. Rg8 Rc3+ 51. Kf2 Kf6 52. Rd8 Rd3
53. Ke2 Ke7 54. Rg8 Rg3 55. Kf2 Rg4 56. Kf3 Kf6 57. g3 Ke5 58. Rg7 d5 59. exd5
exd5 60. Re7+ Kd4 0-1

[Event "vk18"]
[Site "Vinkovci"]
[Date "2018.07.27"]
[Round "7.5"]
[White "Simunic, Krunoslav"]
[Black "Dabic, Stjepan"]
[Result "1/2-1/2"]
[WhiteElo "2053"]
[BlackElo "2040"]
[PlyCount "60"]
[EventDate "2018.07.23"]

1. Nf3 Nf6 2. g3 g6 3. Bg2 Bg7 4. O-O O-O 5. c3 d6 6. Re1 e5 7. e4 c5 8. d4 Nc6
9. dxe5 dxe5 10. Qc2 Qc7 11. Nbd2 Rb8 12. Nc4 Ne8 13. Ne3 Ne7 14. Nc4 Nc6 15.
Be3 b6 16. Rad1 Ba6 17. Bf1 Bb7 18. Rd2 Rd8 19. Red1 Rxd2 20. Rxd2 Nf6 21. Nd6
Rd8 22. Qd1 Bf8 23. Bg5 Rxd6 24. Rxd6 Bxd6 25. Bxf6 Be7 26. Bg5 Bxg5 27. Nxg5
Qe7 28. Qd2 h6 29. Nh3 Kg7 30. f3 Qe6 1/2-1/2

[Event "vk18"]
[Site "Vinkovci"]
[Date "2018.07.27"]
[Round "7.6"]
[White "Purini, Bruno"]
[Black "Duda, Daniel"]
[Result "1/2-1/2"]
[WhiteElo "1465"]
[BlackElo "2019"]
[PlyCount "92"]
[EventDate "2018.07.23"]

1. e4 c5 2. Nc3 g6 3. Nf3 Bg7 4. d4 cxd4 5. Nxd4 Nc6 6. Be3 Nf6 7. f3 O-O 8.
Qd2 d5 9. exd5 Nxd5 10. Nxc6 bxc6 11. Nxd5 cxd5 12. c3 Qc7 13. Be2 Rd8 14. O-O
e5 15. Rac1 Rb8 16. h4 Be6 17. b3 Qe7 18. Bf2 f5 19. Rfd1 a5 20. Qg5 Qf8 21.
Qe3 Qe7 22. Qc5 Qxc5 23. Bxc5 Bf8 24. Bxf8 Kxf8 25. Kf2 Ke7 26. f4 Kf6 27. g3
Rbc8 28. Ke3 Rc5 29. fxe5+ Kxe5 30. Rd4 Rdc8 31. Kd2 Rxc3 32. Rxd5+ Bxd5 33.
Rxc3 Rxc3 34. Kxc3 Ke4 35. Kd2 h6 36. Ke1 Ke3 37. Kf1 Be4 38. a3 Bd3 39. Bxd3
Kxd3 40. Kf2 Kc3 41. b4 axb4 42. axb4 Kxb4 43. Ke3 Kc5 44. Kf4 Kd5 45. h5 Ke6
46. hxg6 Kf6 1/2-1/2

[Event "vk18"]
[Site "Vinkovci"]
[Date "2018.07.27"]
[Round "7.7"]
[White "Simic, Pavo"]
[Black "Alfirevic, Duje"]
[Result "0-1"]
[WhiteElo "1599"]
[BlackElo "1643"]
[PlyCount "110"]
[EventDate "2018.07.23"]

1. d4 d5 2. Bf4 Nf6 3. Nf3 e6 4. e3 Be7 5. c4 O-O 6. Nc3 a6 7. a3 dxc4 8. Bxc4
b5 9. Be2 Bb7 10. O-O Nbd7 11. Rc1 c5 12. dxc5 Nxc5 13. b4 Ncd7 14. Qb3 Nd5 15.
Be5 Nxe5 16. Nxe5 Bf6 17. Nxd5 Bxe5 18. Nf4 Qg5 19. g3 Bxf4 20. exf4 Qe7 21.
Bf3 Rac8 22. Bxb7 Qxb7 23. Qb2 h5 24. Qe5 Qf3 25. Qe3 Qxe3 26. fxe3 Rfd8 27. e4
Rxc1 28. Rxc1 Rd3 29. Rc8+ Kh7 30. Rc7 Kg6 31. f5+ exf5 32. exf5+ Kxf5 33.
Rxf7+ Kg6 34. Rb7 Rxa3 35. Kg2 Ra4 36. Kf3 Kf6 37. h3 g6 38. Rb6+ Kf5 39. Rc6
Ra3+ 40. Kf2 Kg5 41. Rd6 Ra2+ 42. Kf3 Ra3+ 43. Kf2 Kh6 44. Kg2 Ra4 45. Kf3 Rxb4
46. Rxa6 Rb1 47. h4 b4 48. Rb6 b3 49. Kf2 Kg7 50. Ke2 b2 51. Kd2 Rg1 52. Kc2
b1=Q+ 53. Rxb1 Rxb1 54. Kxb1 Kf6 55. Kc2 Kf5 0-1

[Event "vk18"]
[Site "Vinkovci"]
[Date "2018.07.27"]
[Round "7.8"]
[White "Karlusic, Luka"]
[Black "Mazuran, Gabrijel"]
[Result "1/2-1/2"]
[WhiteElo "1836"]
[BlackElo "1887"]
[PlyCount "49"]
[EventDate "2018.07.23"]

1. d4 Nf6 2. c4 e6 3. Nc3 Bb4 4. e3 O-O 5. Nge2 Re8 6. a3 Bf8 7. b4 a5 8. b5 d5
9. Ng3 b6 10. cxd5 exd5 11. Be2 Bb7 12. O-O Ne4 13. Qb3 Nxc3 14. Qxc3 Nd7 15.
Bd2 g6 16. Rfc1 Rc8 17. Rab1 Bd6 18. Qb3 f5 19. Bf3 Nf6 20. a4 Kg7 21. Qd3 Ne4
22. Bxe4 fxe4 23. Qb3 Qh4 24. Rf1 Rf8 25. Bc1 1/2-1/2

[Event "vk18"]
[Site "Vinkovci"]
[Date "2018.07.27"]
[Round "7.1"]
[White "Golub, Nikolina"]
[Black "Dejanovic, Tereza"]
[Result "1/2-1/2"]
[WhiteElo "1917"]
[BlackElo "1818"]
[PlyCount "35"]
[EventDate "2018.07.23"]

1. d4 d5 2. c4 e6 3. Nc3 Nf6 4. cxd5 exd5 5. Bg5 Nbd7 6. e3 c6 7. Bd3 Be7 8.
Qc2 O-O 9. Nge2 Re8 10. O-O h6 11. Bh4 Nh5 12. Bxe7 Qxe7 13. a3 a5 14. Na4 Nhf6
15. Ng3 Ne4 16. Rac1 Nxg3 17. hxg3 Nf6 18. Nb6 1/2-1/2

[Event "vk18"]
[Site "Vinkovci"]
[Date "2018.07.27"]
[Round "7.2"]
[White "Vujic, Agata"]
[Black "Smetisko, Marija"]
[Result "0-1"]
[WhiteElo "1509"]
[BlackElo "1852"]
[PlyCount "72"]
[EventDate "2018.07.23"]

1. e4 e5 2. Nf3 Nc6 3. Bc4 Bc5 4. c3 d6 5. d3 Nf6 6. Bg5 h6 7. Bh4 Qe7 8. Nbd2
Bd7 9. h3 a6 10. Bb3 g5 11. Bg3 Nh5 12. Qe2 Nf4 13. Bxf4 gxf4 14. Nc4 Rg8 15.
Rg1 O-O-O 16. O-O-O Rg7 17. d4 Ba7 18. d5 Nb8 19. Ncd2 Rdg8 20. Qf1 Bb5 21. c4
Be8 22. Bc2 Nd7 23. Nb1 Nf8 24. b4 Ng6 25. Rd3 Nh4 26. Nbd2 Rxg2 27. Rxg2 Nxg2
28. Ra3 Kb8 29. b5 Bc5 30. Ra4 Nh4 31. Ne1 Qg5 32. bxa6 Qg1 33. Ra5 Qxf2 34.
axb7 Qxf1 35. Nxf1 Kxb7 36. Ba4 Bb4 0-1

[Event "vk18"]
[Site "Vinkovci"]
[Date "2018.07.27"]
[Round "7.3"]
[White "Muha, Magdalena"]
[Black "Dasic, Jelena"]
[Result "1-0"]
[WhiteElo "1641"]
[BlackElo "1741"]
[PlyCount "89"]
[EventDate "2018.07.23"]

1. d4 Nf6 2. Nf3 e6 3. Bg5 Be7 4. Nbd2 b6 5. e3 Bb7 6. h3 d6 7. Bd3 Nbd7 8. c3
O-O 9. O-O Re8 10. e4 e5 11. d5 h6 12. Be3 Nf8 13. Bb5 N6d7 14. c4 g5 15. b4 a5
16. a3 Ng6 17. Nb3 Rf8 18. Qc2 Nf4 19. c5 bxc5 20. Nxa5 Rxa5 21. bxa5 f5 22.
Bc6 Bxc6 23. dxc6 Nb8 24. Rfd1 Qc8 25. Qb3+ Kh8 26. Qb7 fxe4 27. Ne1 Ne2+ 28.
Kh1 Nd4 29. Bxd4 exd4 30. Rab1 d5 31. Rb2 c4 32. Rxd4 Bxa3 33. Rxd5 Qe6 34.
Rbd2 Qxc6 35. Qb1 c3 36. Rd1 Qc4 37. Nc2 Bc5 38. Rd8 Nc6 39. Rxf8+ Bxf8 40. Ne3
Qa4 41. Rd7 Bd6 42. g3 Qb4 43. Qa2 Ne7 44. Qf7 Qb8 45. Nf5 1-0

[Event "vk18"]
[Site "Vinkovci"]
[Date "2018.07.27"]
[Round "7.1"]
[White "Radenic, Filip"]
[Black "Saravanja, Matija"]
[Result "1-0"]
[WhiteElo "2166"]
[BlackElo "1936"]
[PlyCount "99"]
[EventDate "2018.07.23"]

1. Nf3 d5 2. g3 Nf6 3. Bg2 c6 4. O-O Bg4 5. Ne5 Bf5 6. d4 e6 7. c4 Nbd7 8. Bf4
Be7 9. Nc3 O-O 10. c5 Nxe5 11. Bxe5 Nd7 12. Bf4 e5 13. dxe5 Nxc5 14. Re1 Ne6
15. e4 dxe4 16. Bxe4 Bxe4 17. Nxe4 Qxd1 18. Rexd1 Rad8 19. Be3 b6 20. f4 g6 21.
Kg2 Nc7 22. Kf3 Nd5 23. Nc3 Nc7 24. a4 f6 25. exf6 Bxf6 26. a5 c5 27. axb6 axb6
28. Rxd8 Rxd8 29. Ra3 Nd5 30. Nxd5 Rxd5 31. Rb3 Rd6 32. Rb5 Kf7 33. b4 cxb4 34.
Rxb4 Bd8 35. Ke4 Ke6 36. g4 Kf6 37. Bd4+ Ke6 38. Rb5 Kf7 39. h3 Ke6 40. f5+
gxf5+ 41. Rxf5 Rd7 42. Rh5 Bc7 43. Rh6+ Kf7 44. Rxh7+ Ke8 45. Rxd7 Kxd7 46. h4
Ke6 47. h5 Kf7 48. Kf5 Bd8 49. h6 b5 50. Ke4 1-0

[Event "vk18"]
[Site "Vinkovci"]
[Date "2018.07.27"]
[Round "7.2"]
[White "Toplak, Juraj"]
[Black "Starcevic, Ante Leon"]
[Result "1/2-1/2"]
[WhiteElo "2017"]
[BlackElo "2177"]
[PlyCount "112"]
[EventDate "2018.07.23"]

1. e4 c5 2. c3 d5 3. exd5 Qxd5 4. d4 g6 5. dxc5 Qxd1+ 6. Kxd1 Nf6 7. Nf3 Bg7 8.
Be3 Ng4 9. Nbd2 O-O 10. Nd4 Rd8 11. Ke1 Nxe3 12. fxe3 Bh6 13. Nc4 Na6 14. c6
Nc7 15. a4 bxc6 16. Nxc6 Re8 17. Rd1 Bb7 18. N4a5 Bxc6 19. Nxc6 Bxe3 20. Rd7
Bf4 21. Bc4 Bd6 22. Rf1 Ne6 23. b4 a6 24. Bxe6 fxe6 25. g3 Rac8 26. b5 axb5 27.
axb5 Ra8 28. Rf2 Ra3 29. Rc2 Kf7 30. Rd8 Rb3 31. c4 Bc7 32. Rxe8 Kxe8 33. Ke2
Kd7 34. Rd2+ Bd6 35. Nd4 Rb1 36. Kd3 e5 37. Nc6 Kc7 38. Kc2 Rh1 39. Re2 Kb6 40.
Kb3 Rb1+ 41. Ka2 Rc1 42. Kb3 Rb1+ 43. Kc2 Ra1 44. Kd3 Rd1+ 45. Ke4 Kc5 46. Nxe5
Bxe5 47. Kxe5 Kxc4 48. Rb2 Kc3 49. Ra2 Rb1 50. Ke6 Rxb5 51. Kxe7 Rf5 52. Ra4
Kd3 53. Rh4 h5 54. g4 hxg4 55. Rxg4 g5 56. Ke6 Rf2 1/2-1/2

[Event "vk18"]
[Site "Vinkovci"]
[Date "2018.07.27"]
[Round "7.3"]
[White "Makovec, Bruno"]
[Black "Muha, Miljenko"]
[Result "0-1"]
[WhiteElo "2293"]
[BlackElo "2362"]
[PlyCount "100"]
[EventDate "2018.07.23"]

1. Nf3 d5 2. g3 c6 3. Bg2 Bg4 4. O-O e6 5. d3 Nf6 6. Nbd2 Nbd7 7. e4 Bc5 8. h3
Bxf3 9. Qxf3 O-O 10. Qe2 dxe4 11. dxe4 e5 12. a4 Qc7 13. Nb3 Be7 14. Be3 b6 15.
Qa6 Nb8 16. Qe2 a6 17. a5 b5 18. c4 Nbd7 19. Rfc1 Qb7 20. c5 Rfe8 21. Nd2 Nf8
22. b4 Rad8 23. Nb3 Rd7 24. Rd1 Red8 25. h4 Qc8 26. f3 Rxd1+ 27. Rxd1 Rxd1+ 28.
Qxd1 Qe6 29. Qd3 Nh5 30. g4 Nf4 31. Bxf4 exf4 32. Nd4 Qd7 33. Bf1 Bf6 34. Nf5
Qxd3 35. Bxd3 Ng6 36. e5 Nxe5 37. Be4 Kf8 38. g5 g6 39. gxf6 gxf5 40. Bxf5 h6
41. Bc8 Ke8 42. Bxa6 Kd8 43. Kf1 Kc7 44. Ke2 Nd7 45. Kd3 Nb8 46. Bxb5 cxb5 47.
Ke4 Na6 48. Kxf4 Nxb4 49. Kg4 Nd5 50. Kh5 b4 0-1

[Event "vk18"]
[Site "Vinkovci"]
[Date "2018.07.27"]
[Round "7.4"]
[White "Safar, Sandro"]
[Black "Tica, Sven"]
[Result "0-1"]
[WhiteElo "2257"]
[BlackElo "2443"]
[PlyCount "68"]
[EventDate "2018.07.23"]

1. d4 d5 2. Bf4 c5 3. e3 cxd4 4. exd4 Nc6 5. c3 Bf5 6. Bd3 Bxd3 7. Qxd3 e6 8.
Nf3 Bd6 9. Bxd6 Qxd6 10. O-O Nge7 11. Nbd2 O-O 12. Rae1 b5 13. b4 a5 14. a3
axb4 15. axb4 Ra3 16. Nb1 Ra2 17. Qxb5 Rc8 18. Qd3 Na7 19. Ng5 Ng6 20. f4 h6
21. Nh3 f5 22. g3 Nf8 23. Rf2 Ra1 24. Kg2 Qc6 25. Qe3 Nb5 26. Rf3 Qc4 27. Nf2
Qa2 28. Qc1 Nxd4 29. Rd3 Nb3 30. Qd1 Rc4 31. Rde3 Re4 32. Rxe4 fxe4 33. Kf1
Rxb1 34. Qg4 Nd2+ 0-1

[Event "vk18"]
[Site "Vinkovci"]
[Date "2018.07.27"]
[Round "7.5"]
[White "Erenda, Bruno"]
[Black "Zadravec, Matija"]
[Result "1-0"]
[WhiteElo "1966"]
[BlackElo "2191"]
[PlyCount "83"]
[EventDate "2018.07.23"]

1. b3 d5 2. Bb2 Bf5 3. e3 Nd7 4. Nf3 Ngf6 5. c4 e6 6. Be2 h6 7. O-O Bd6 8. d4
c6 9. Ne5 O-O 10. Nd2 Ne4 11. Ndf3 Nxe5 12. dxe5 Bb4 13. Qc1 Qa5 14. a3 Be7 15.
b4 Qc7 16. Rd1 Rfd8 17. Nd4 Bg6 18. cxd5 Rxd5 19. f3 Ng5 20. e4 Rdd8 21. Nb3
Nh7 22. Qe3 Nf8 23. Rxd8 Bxd8 24. Rd1 Nd7 25. Qd4 Nb6 26. Qd6 Rc8 27. Qxc7 Bxc7
28. Nc5 Rb8 29. a4 Na8 30. a5 b6 31. Na6 Rc8 32. Nxc7 Nxc7 33. Rc1 c5 34. bxc5
bxa5 35. Ra1 Rb8 36. Bc3 Nb5 37. Rb1 a6 38. Bxa5 f6 39. c6 Rc8 40. Bxb5 axb5
41. c7 Kf8 42. Rd1 1-0

[Event "vk18"]
[Site "Vinkovci"]
[Date "2018.07.27"]
[Round "7.6"]
[White "Karaban, Martin-Roko"]
[Black "Djukin, Marko"]
[Result "0-1"]
[WhiteElo "1435"]
[BlackElo "1969"]
[PlyCount "44"]
[EventDate "2018.07.23"]

1. c4 e5 2. g3 Nf6 3. Nc3 d5 4. cxd5 Nxd5 5. Bg2 Nb6 6. d3 Be7 7. Nf3 Nc6 8.
O-O O-O 9. Qc2 f5 10. e3 Be6 11. Rd1 Bf6 12. e4 f4 13. Ne2 fxg3 14. fxg3 Bg4
15. Be3 Bxf3 16. Bxf3 Bg5 17. Qc1 Rxf3 18. Bxg5 Qd7 19. Be3 Raf8 20. Bc5 R8f6
21. d4 Qh3 22. dxe5 Rh6 0-1

[Event "vk18"]
[Site "Vinkovci"]
[Date "2018.07.27"]
[Round "7.7"]
[White "Petrovic, David"]
[Black "Babic, Tvrtko"]
[Result "1/2-1/2"]
[WhiteElo "1657"]
[BlackElo "1498"]
[PlyCount "117"]
[EventDate "2018.07.23"]

1. e4 d5 2. exd5 Qxd5 3. Nc3 Qd8 4. Bc4 Nf6 5. d4 a6 6. Nf3 b5 7. Bb3 c5 8. a3
c4 9. Ba2 Bb7 10. O-O e6 11. Bg5 Be7 12. b3 cxb3 13. Bxb3 O-O 14. Re1 Qc7 15.
Bxf6 Bxf6 16. Ne4 Nd7 17. Nxf6+ Nxf6 18. Ne5 Rfd8 19. Nxf7 Kxf7 20. Rxe6 Bd5
21. Rxf6+ Kxf6 22. Bxd5 Rxd5 23. Qf3+ Ke6 24. Re1+ Kd6 25. Re5 Rxd4 26. Qg3 Kc6
27. Rc5+ Kxc5 28. Qxc7+ Kd5 29. Qb7+ Ke6 30. g3 Rad8 31. Qxa6+ R8d6 32. Qxb5
Rd2 33. c4 Ke7 34. Qe5+ Kf7 35. c5 Rf6 36. Qe3 Rb2 37. Qd4 Rb1+ 38. Kg2 Rc1 39.
a4 Rc2 40. a5 Kf8 41. h4 h6 42. h5 Re2 43. c6 Rxc6 44. Kf1 Ree6 45. Kg2 Rcd6
46. Qb4 Kf7 47. Qb7+ Kf8 48. f4 Rf6 49. Qc8+ Kf7 50. Kh3 Rfe6 51. Qc4 Kf8 52.
Kg4 Rf6 53. Kh4 Rfe6 54. g4 Rf6 55. g5 hxg5+ 56. fxg5 Rfe6 57. Qc8+ Ke7 58. Qg8
Rd4+ 59. Kg3 1/2-1/2

[Event "vk18"]
[Site "Vinkovci"]
[Date "2018.07.27"]
[Round "5.2"]
[White "Blazeka, Mihaela"]
[Black "Spiranec, Noemi"]
[Result "1-0"]
[WhiteElo "2054"]
[BlackElo "2009"]
[PlyCount "161"]
[EventDate "2018.07.23"]

1. e4 e5 2. Nf3 Nc6 3. Bc4 Nf6 4. d3 Be7 5. c3 O-O 6. O-O d6 7. Bb3 Na5 8. Bc2
c5 9. Nbd2 Bg4 10. Re1 Qc7 11. Nf1 Rfe8 12. Ng3 Rad8 13. h3 Bc8 14. Bg5 b5 15.
Nh4 Nd5 16. Bxe7 Nxe7 17. Qh5 Nac6 18. Re3 Ng6 19. Nxg6 hxg6 20. Qg5 Qe7 21.
Qxe7 Nxe7 22. Bb3 Kf8 23. a4 a6 24. axb5 axb5 25. Ra7 Rd7 26. Ra5 Rb7 27. Re1
c4 28. Bc2 Be6 29. Nf1 f6 30. Ra6 Rd8 31. Rd1 Kf7 32. d4 exd4 33. Rxd4 d5 34.
Ne3 Rdd7 35. exd5 Bxd5 36. Nxd5 Rxd5 37. Rxd5 Nxd5 38. Be4 Rd7 39. Ra5 f5 40.
Bf3 Nc7 41. Bc6 Rd1+ 42. Kh2 Kf6 43. Ra7 Ne6 44. Bxb5 Nf4 45. Bxc4 Rd2 46. Ra2
Rc2 47. Kg3 g5 48. Kf3 Ke5 49. Ra5+ Kf6 50. Ra6+ Ke5 51. g3 g4+ 52. hxg4 fxg4+
53. Kxg4 Rxf2 54. Ra5+ Ke4 55. gxf4 Rg2+ 56. Kh3 Rxb2 57. f5 Rc2 58. Bd5+ Kf4
59. Ra4+ Ke5 60. c4 Kxf5 61. Ra3 g5 62. Rf3+ Ke5 63. Kg4 Rg2+ 64. Rg3 Rc2 65.
Kxg5 Kd4 66. Rg4+ Kc5 67. Kf5 Rf2+ 68. Ke6 Re2+ 69. Kd7 Re5 70. Rg8 Rh5 71.
Rc8+ Kd4 72. Be6 Ra5 73. Kd6 Ra6+ 74. Rc6 Ra5 75. c5 Ra8 76. Bc8 Ra7 77. Bd7
Kc4 78. Rc8 Ra6+ 79. c6 Kb5 80. Rb8+ Ka5 81. Rb1 1-0

[Event "vk18"]
[Site "Vinkovci"]
[Date "2018.07.28"]
[Round "8.1"]
[White "Tica, Sven"]
[Black "Radenic, Filip"]
[Result "1-0"]
[WhiteElo "2443"]
[BlackElo "2166"]
[PlyCount "75"]
[EventDate "2018.07.23"]

1. d4 Nf6 2. c4 e6 3. g3 d5 4. Bg2 Be7 5. Nf3 O-O 6. O-O c6 7. Nbd2 b6 8. b3
Bb7 9. Bb2 Nbd7 10. e3 Rc8 11. Qe2 c5 12. Rfd1 cxd4 13. Nxd4 Qc7 14. Rac1 Qb8
15. cxd5 Nxd5 16. Nc4 Rfd8 17. Nf5 exf5 18. Bxd5 Nc5 19. Bxb7 Qxb7 20. Ne5 Bf6
21. b4 Ne6 22. Rxd8+ Rxd8 23. Nc6 Rd6 24. b5 Bxb2 25. Qxb2 g6 26. h4 Qd7 27.
Qe5 Rd2 28. h5 gxh5 29. Qxf5 Rxa2 30. Ne5 Qe8 31. Rd1 Rb2 32. Nd7 Qe7 33. Nf6+
Kf8 34. Nxh7+ Kg8 35. Nf6+ Kf8 36. Rd7 Ng7 37. Qh7 Qxf6 38. Qh8# 1-0